000 00453nam a22001577a 4500
003 OSt
005 20140310182443.0
008 130803t xxu||||| |||| 00| 0 eng d
020 _a9789717251493
050 _aPN 524
_b.T291 2008
245 _aWorld Literary :
_cThe literary masterpieces of the world
260 _aPateros, Metro Manila :
_bGrandwater Publications,
_cc2008.
300 _aiv, 333 p. :
_c22 cm.
942 _2lcc
_cSSLC
999 _c13570
_d13570